Κεφαλαιακή επάρκεια τραπεζών και υπολογισμός της μεθόδου value at risk μέσω μιας σύνθετης προσέγγισης arima ανάλυσης & Garch υποδειγμάτων : μεταπτυχιακή διατριβή

Στόχος της παρούσας διπλωματικής εργασίας είναι η ανάλυση και η αναφορά την προσπάθεια διαχείρισης των χρηματοοικονομικών κινδύνων τους οποίους καλείται να αντιμετωπίσει ένα συγχρονο τραπεζικό σύστημα καθώς και ανάγκη της κεφαλαιακής επάρκειας του τελευταίου, με στόχο την διαχείριση των κινδύνων. Σ...

Πλήρης περιγραφή

Αποθηκεύτηκε σε:
Λεπτομέρειες βιβλιογραφικής εγγραφής
Κύριος συγγραφέας: Μακροπούλου, Αγγελική-Σοφία
Συγγραφή απο Οργανισμό/Αρχή: Πανεπιστήμιο Αιγαίου. Σχολή Θετικών Επιστημών. Τμήμα Στατιστικής και Αναλογιστικών-Χρηματοοικονομικών Μαθηματικών. Μεταπτυχιακό Πρόγραμμα Στατιστική και Αναλογιστικά - Χρηματοοικονομικά Μαθηματικά
Μορφή: Thesis Βιβλίο
Γλώσσα:Greek
Δημοσίευση: 2010.
Θέματα:
Διαθέσιμο Online:http://hdl.handle.net/11610/15612
Ετικέτες: Προσθήκη ετικέτας
Δεν υπάρχουν, Καταχωρήστε ετικέτα πρώτοι!

MARC

LEADER 00000cam a2200000 i 4500
001 1/11961
008 110214s2010 gr | ||| |||| ||gre||
035 |l 10109609 
040 |a GR-MyUA  |b gre  |e AACR2 
082 0 |a 658.155   |2 (22)  
100 1 |a Μακροπούλου, Αγγελική-Σοφία. 
245 1 0 |a Κεφαλαιακή επάρκεια τραπεζών και υπολογισμός της μεθόδου value at risk μέσω μιας σύνθετης προσέγγισης arima ανάλυσης & Garch υποδειγμάτων :   |b μεταπτυχιακή διατριβή /   |c Αγγελική-Σοφία Μακροπούλου ; επιβλέπων καθηγητής Αλέξανδρος Μηλιώνης.  
260 |c 2010.  
300 |a 95 σ. :   |b σχέδια, διάγρ. ;   |c 30 εκ.  
502 |a Διατριβή (μεταπτυχιακή) – Πανεπιστήμιο Αιγαίου, Σάμος, 2010. 
504 |a Βιβλιογραφία: σ. 93-95.  
506 1 |a Διάθεση πλήρους κειμένου ;   |d Ενδοπανεπιστημιακή δημοσίευση.  
520 |a Στόχος της παρούσας διπλωματικής εργασίας είναι η ανάλυση και η αναφορά την προσπάθεια διαχείρισης των χρηματοοικονομικών κινδύνων τους οποίους καλείται να αντιμετωπίσει ένα συγχρονο τραπεζικό σύστημα καθώς και ανάγκη της κεφαλαιακής επάρκειας του τελευταίου, με στόχο την διαχείριση των κινδύνων. Στο πρώτο κεφάλαιο , επιχειρείται μια επιγραμματική αναφορά στις συνθήκες εκείνες του διεθνούς οικονομικού περιβάλλοντος ,οι οποίες οδηγούν τις τις επιχειρήσεις που συμμετέχουν σε αυτές να λειτουργούν κάτω από συνθήκες σκληρού ανταγωνισμού.Στο δεύτερο κεφάλαιο πραγματοποιείται ανάλυση της Κεφαλαιακής επάρκειας των Τραπεζών,όπως αυτή ορίζεται από το Σύμφωνο της Βασιλείας. Το τρίτο κεφάλαιο ουσιαστικά αποτελεί το κοινό έδαφος των δύο πρώτων κεφαλαίων μιας και καθώς η τροποποίηση του Συμφώνου το 1996 για την κεφαλαιακή επάρκεια των τραπεζών οδήγησε στην ενωμάτωση και του κιδύνου της αγοράς οδηγηθήκαμε στην ανάπτυξη κοινής μεθοδολογίας μέτρησης των χρηματοικονομικών κινδύνων. Εδώ θα παρουσιασθεί ο ορισμός της έννοιας του Value at Risk καθώς και των μεθόδων της υπολογισμού της . Οι πιο κοινές προσεγγίσεις είναι η μέθοδος Διακύμανσης-Συνδιακύμανσης (Variance-Covariance), η μέθοδος Ιστορικής Προσομοίωσης (Historical Simulation) και η μέθοδος Monte Carlo Προσομοίωσης (Monte Carlo Simulation). Στο τέταρτο κεφάλαιο πραγματοποιείται ανάλυση χρονοσειρών. Εδώ θα αναλυθούν τα βασικά στοιχεία των χρονοσειρών, οι αποδόσεις τους καθώς και τα γραμμικά μοντέλα ARIMA,τα Υποδείγματα Κινητού Μέσου, τα Μεικτά Υποδείγματα καθώς και τα μοντέλα ARCH και CARCH. Στο τελευταίο κεφάλαιο της εργασίας παρουσιάζονται τα αποτελέσματα εφαρμογής ελέγχου τύπου σωρευτικών αθροισμάτων τετραγώνων και συγκεκριμένα η στατιστική των Kokoszka και Leipus σε δύο χρηματοοικονομικές σειρές, στις αποδόσεις της Τράπεζας Πειραιώς και Alpha Bank. 
540 |a Κλειδωμένη η δυνατότητα αντιγραφής (copy) του κειμένου.  
610 2 0 |a University of the Aegean  |x Dissertations. 
650 0 0 |a Risk management. 
650 0 0 |a Dissertations, Academic  |z Greece. 
700 1 |a Μηλιώνης, Αλέξανδρος,  |e dgs 
710 2 |a Πανεπιστήμιο Αιγαίου.   |b Σχολή Θετικών Επιστημών.   |b Τμήμα Στατιστικής και Αναλογιστικών-Χρηματοοικονομικών Μαθηματικών.   |b Μεταπτυχιακό Πρόγραμμα Στατιστική και Αναλογιστικά - Χρηματοοικονομικά Μαθηματικά. 
852 |a INST  |b SAMOS  |c DIATR  |e 20110214  |h 658.155 ΜΑΚ  |p 005300032996  |q 005300032996  |t MTXE  |y 23 
852 |a INST  |b SAMOS  |c DIATR  |e 20110214  |h 658.155 ΜΑΚ  |p 005300032998  |q 005300032998  |t MTXE  |y 23 
856 |u http://hdl.handle.net/11610/15612 
901 |a BIBL3-2011-1 
909 |a Σ  |b 166248 
909 |a Σ  |b 166249 
924 |a ΜΑΚΡΟΠΟΥΛΟΥ  |b ΑΓΓΕΛΙΚΗ-ΣΟΦΙΑ  |y Σάμος  |z 2010-12 
970 |a ΚΟΣΙΕΡΗΣ  |b ΧΡΗΣΤΟΣ  |z 2011/02/14